Automatizácia plánovacích činností na SlPK

Na minha lista:
Detalhes bibliográficos
Autor principal: Grell, Michal
Outros Autores: Inovecký, Roman
Formato: Capítulo de Livro
Idioma:eslovaco
Tags: Adicionar Tag
Sem tags, seja o primeiro a adicionar uma tag!

MARC

LEADER 00000naa$a2200000$$$4500
001 0112271
005 20240502083259.1
041 0 |a slo 
044 |a CZ 
245 1 0 |a Automatizácia plánovacích činností na SlPK  |c Michal Grell, Roman Inovecký 
100 1 |a Grell, Michal 
700 1 |a Inovecký, Roman